[Event "DSOL 2021"]
[Site "Germany"]
[Date "2021.02.10"]
[Round "3.2"]
[White "Buehrmann, Torsten"]
[Black "Koop, Soeren"]
[Result "0-1"]
[WhiteElo "1911"]
[BlackElo "2110"]
[Annotator "TA"]
[PlyCount "58"]
[EventDate "2021.01.18"]
[EventType "team-tourn"]
[EventCountry "GER"]
[SourceTitle "playchess.com"]
[Source "ChessBase"]
[SourceQuality "1"]

1. e4 d6 2. d4 Nf6 3. Nc3 e5 4. Nf3 Nbd7 5. Bc4 Be7 6. O-O O-O 7. Re1 c6 8. a4 b6 9. Be3 a6 10. Ng5 Bb7 11. b4 d5 12. exd5 cxd5 13. Bb3 Bxb4 14. Bd2 exd4 15. Ne2 Bc5 16. Bf4 Re8 17. Nf3 Ne4 18. Nexd4 Qf6 19. Be3 Bb4 20. Rf1 Ndc5 21. Ne2 Nxb3 22. cxb3 Nc3 23. Nxc3 Bxc3 24. Rc1 h6 25. Bxb6 Qxb6 26. Rxc3 Re4 27. Re1 Rae8 28. Rxe4 dxe4 29. Qd7 Rd8 0-1

[Event "DSOL 2021"]
[Site "Germany"]
[Date "2021.02.11"]
[Round "3.2"]
[White "Grossmann, Piet"]
[Black "Soergel, Thomas"]
[Result "1/2-1/2"]
[WhiteElo "1902"]
[BlackElo "2019"]
[Annotator "ChessBase"]
[PlyCount "84"]
[EventDate "2021.01.18"]
[EventType "team-tourn"]
[EventCountry "GER"]
[SourceTitle "playchess.com"]
[Source "ChessBase"]
[SourceQuality "1"]

1. e4 e6 2. d4 d5 3. Nc3 Nf6 4. e5 Nfd7 5. f4 c5 6. Nf3 Nc6 7. Be3 a6 8. Qd2 b5 9. Be2 Be7 10. O-O g6 11. Kh1 cxd4 12. Nxd4 Nxd4 13. Bxd4 Qc7 14. Bf3 Bb7 15. Ne2 O-O 16. Be3 Bc5 17. Nd4 Bxd4 18. Bxd4 Nc5 19. c3 Ne4 20. Qe1 Rfc8 21. a3 a5 22. Qh4 Qd8 23. Qh3 Qe7 24. Bg4 Rc6 25. Be2 b4 26. axb4 axb4 27. Rxa8+ Bxa8 28. Ra1 Bb7 29. Qe3 bxc3 30. bxc3 Rc8 31. Kg1 Ra8 32. Qc1 Qd8 33. Qb2 Rxa1+ 34. Qxa1 Qa8 35. Qb2 Bc6 36. Bd3 Qb7 37. Qxb7 Bxb7 38. Bxe4 dxe4 39. Bc5 Kg7 40. Be7 e3 41. g3 Ba6 42. Kg2 Bc4 1/2-1/2

[Event "DSOL 2021"]
[Site "Germany"]
[Date "2021.02.09"]
[Round "3.2"]
[White "Mandelkow, Elias"]
[Black "Spindel, Ulrich"]
[Result "0-1"]
[WhiteElo "1782"]
[BlackElo "1761"]
[Annotator "NA RC"]
[PlyCount "88"]
[EventDate "2021.01.18"]
[EventType "team-tourn"]
[EventCountry "GER"]
[SourceTitle "playchess.com"]
[Source "ChessBase"]
[SourceQuality "1"]

1. d4 e6 2. c4 d5 3. Nf3 c5 4. Nc3 Nc6 5. cxd5 exd5 6. Bg5 Be7 7. Bxe7 Ngxe7 8. e3 cxd4 9. Nxd4 O-O 10. Be2 Qd6 11. O-O Rd8 12. Bf3 Be6 13. Nce2 Ne5 14. Nf4 N7c6 15. Ndxe6 Nxf3+ 16. Qxf3 fxe6 17. Rfd1 Rf8 18. Qg4 Rf6 19. Rac1 Raf8 20. Qg3 Qe7 21. a3 Qf7 22. b4 a6 23. Rd2 Rf5 24. Nh3 h6 25. Rdc2 e5 26. a4 Rf6 27. b5 Rg6 28. Qh4 Qf3 29. g3 Rg4 30. Qxg4 Qxg4 31. bxc6 bxc6 32. Kg2 Qf3+ 33. Kg1 Rf6 34. Rxc6 Rxc6 35. Rxc6 Qd1+ 36. Kg2 Qxa4 37. Rc8+ Kf7 38. Rc7+ Kf6 39. Ng1 Qb5 40. Nf3 a5 41. Rc8 a4 42. Rf8+ Ke7 43. Rf5 a3 44. Rxe5+ Kd6 0-1

[Event "DSOL 2021"]
[Site "Germany"]
[Date "2021.02.09"]
[Round "3.2"]
[White "Baumann, Kevin"]
[Black "Rolf, Marco"]
[Result "1/2-1/2"]
[WhiteElo "1752"]
[BlackElo "2113"]
[Annotator "TA"]
[PlyCount "127"]
[EventDate "2021.01.18"]
[EventType "team-tourn"]
[EventCountry "GER"]
[SourceTitle "playchess.com"]
[Source "ChessBase"]
[SourceQuality "1"]

1. e4 e6 2. Nf3 d5 3. exd5 exd5 4. d4 Bg4 5. c4 Nf6 6. Nc3 Bb4 7. Be3 O-O 8. Bd3 dxc4 9. Bxc4 Nbd7 10. O-O Nb6 11. Bd3 Re8 12. Rc1 c6 13. a3 Bd6 14. h3 Bh5 15. Bg5 h6 16. Bh4 Bf4 17. Rc2 g5 18. Bg3 Bxg3 19. fxg3 g4 20. Nh2 gxh3 21. g4 Nxg4 22. Nxg4 Qxd4+ 23. Rcf2 Qxg4 24. Be2 h2+ 25. Kh1 Rxe2 26. Qxe2 Qxe2 27. Nxe2 Nd5 28. Ng3 Bg6 29. Re1 a5 30. Kxh2 a4 31. Nf5 Bxf5 32. Rxf5 Rd8 33. Kg3 b5 34. Kh4 Rd6 35. g4 Kg7 36. Ref1 f6 37. Re1 Kg6 38. Re8 Nb6 39. Rf2 Nc4 40. Rfe2 Ne5 41. Rc2 Rd1 42. Rxe5 fxe5 43. Rxc6+ Kf7 44. Rc5 e4 45. Kg3 Rf1 46. Kg2 Rf4 47. Kg3 Rf3+ 48. Kg2 Rb3 49. Kf2 Ke6 50. Rh5 Rxb2+ 51. Ke3 Rb3+ 52. Kxe4 Rxa3 53. Rxb5 Kf6 54. Kf4 Ra1 55. Rb6+ Kg7 56. Rb7+ Kf8 57. Kf5 a3 58. Ra7 a2 59. Kg6 Ke8 60. Kh7 h5 61. gxh5 Rh1 62. Rxa2 Rxh5+ 63. Kg6 Rd5 64. Re2+ 1/2-1/2

[Event "DSOL 2021"]
[Site "Germany"]
[Date "2021.02.11"]
[Round "3.2"]
[White "Wilde, Pierre"]
[Black "Charmeteau, Sven"]
[Result "0-1"]
[WhiteElo "1723"]
[BlackElo "2346"]
[Annotator "TA"]
[PlyCount "128"]
[EventDate "2021.01.18"]
[EventType "team-tourn"]
[EventCountry "GER"]
[SourceTitle "playchess.com"]
[Source "ChessBase"]
[SourceQuality "1"]

1. d4 Nf6 2. c4 g6 3. Nc3 d5 4. Nf3 Bg7 5. Bg5 dxc4 6. Qa4+ c6 7. Qxc4 b5 8. Qd3 b4 9. Bxf6 exf6 10. Na4 O-O 11. Qd2 Qa5 12. Nc5 Nd7 13. Nb3 Qb6 14. Qc2 Ba6 15. e3 Bxf1 16. Kxf1 Rfc8 17. Rc1 Bf8 18. Nfd2 Qa6+ 19. Nc4 c5 20. dxc5 Bxc5 21. Nbd2 Qxa2 22. Ke2 Qa6 23. Ra1 Qe6 24. Qe4 f5 25. Qxe6 fxe6 26. Ra6 Kf7 27. Rha1 Rc7 28. b3 Rd8 29. f3 Kf6 30. R1a2 Bb6 31. Nxb6 axb6 32. Ra7 Rc3 33. Rb7 Nc5 34. Rxb6 Nxb3 35. Nxb3 Rxb3 36. Rc2 Rdd3 37. Rc4 Rxe3+ 38. Kf2 Red3 39. Rcxb4 Rd2+ 40. Kg3 Rc3 41. Rb2 Rxb2 42. Rxb2 g5 43. Kf2 h5 44. h3 f4 45. Rd2 Kf5 46. Ra2 e5 47. Rb2 g4 48. hxg4+ hxg4 49. fxg4+ Kxg4 50. Re2 Kf5 51. Ra2 e4 52. Ra8 Rc2+ 53. Kf1 Rc1+ 54. Ke2 Rc2+ 55. Kf1 Ke5 56. Rd8 Ra2 57. Rd7 e3 58. Rd8 Rf2+ 59. Kg1 Rd2 60. Re8+ Kd4 61. Rf8 Rd1+ 62. Kh2 e2 63. Rxf4+ Ke5 64. Rf8 e1=Q 0-1

[Event "DSOL 2021"]
[Site "Germany"]
[Date "2021.02.12"]
[Round "3.2"]
[White "Weber, Marc"]
[Black "Kaliski, Erwin"]
[Result "1-0"]
[WhiteElo "1647"]
[BlackElo "1992"]
[Annotator "TA"]
[PlyCount "65"]
[EventDate "2021.01.18"]
[EventType "team-tourn"]
[EventCountry "GER"]
[SourceTitle "playchess.com"]
[Source "ChessBase"]
[SourceQuality "1"]
[WhiteTeam "SV Walldorf I"]
[BlackTeam "SK Bad Homburg I "]

1. d4 d5 2. c4 e6 3. Nf3 Nf6 4. g3 Be7 5. Bg2 O-O 6. O-O Nbd7 7. Nc3 c6 8. Qd3 b6 9. e4 Ba6 10. b3 Rc8 11. e5 dxc4 12. bxc4 Nd5 13. Ne4 c5 14. Neg5 g6 15. Qe4 Bxc4 16. Qh4 h5 17. Re1 Kg7 18. Bh3 Nb4 19. g4 Rh8 20. gxh5 Rxh5 21. Qf4 Bxg5 22. Nxg5 Rxg5+ 23. Qxg5 Qxg5+ 24. Bxg5 Nc2 25. Rec1 Bd3 26. Bf1 Bf5 27. Bb5 Nxa1 28. Bxd7 Rc7 29. Ba4 b5 30. Bd1 c4 31. Rxa1 b4 32. Rc1 a5 33. Bd8 1-0

[Event "DSOL 2021"]
[Site "Germany"]
[Date "2021.02.12"]
[Round "3.2"]
[White "Hermes, Simon"]
[Black "Pougin, Elias"]
[Result "1-0"]
[WhiteElo "1646"]
[BlackElo "1838"]
[Annotator "NA RC"]
[PlyCount "99"]
[EventDate "2021.01.18"]
[EventType "team-tourn"]
[EventCountry "GER"]
[SourceTitle "playchess.com"]
[Source "ChessBase"]
[SourceQuality "1"]
[WhiteTeam "SK Johanneum Eppendorf III"]
[BlackTeam "SF Gern I "]

1. d4 d5 2. c4 e6 3. Nf3 Nf6 4. g3 Be7 5. Bg2 c6 6. O-O O-O 7. Nc3 b6 8. Nd2 Nbd7 9. e4 dxe4 10. Ndxe4 Bb7 11. Bf4 Nxe4 12. Nxe4 Nf6 13. Nc3 Qd7 14. Qd2 Rfd8 15. Rfd1 c5 16. d5 exd5 17. cxd5 Rac8 18. a4 a6 19. Qe2 Bd6 20. Bg5 Re8 21. Qc2 Be5 22. Qb3 Qd6 23. Bxf6 Qxf6 24. Ne4 Qh6 25. d6 Bxe4 26. Bxe4 Bxd6 27. Bd5 Rf8 28. Qxb6 Bf4 29. Qxh6 Bxh6 30. Bb7 Rb8 31. Bxa6 Rxb2 32. Bf1 g6 33. a5 Ra8 34. a6 Ra7 35. Rd8+ Kg7 36. Bg2 Rd2 37. Rxd2 Bxd2 38. Bb7 c4 39. Ra4 c3 40. Rc4 Kf6 41. Kf1 Ke5 42. Ke2 f5 43. Kd3 Kd6 44. f4 Be1 45. Rc6+ Kd7 46. Rc8 Kd6 47. Rh8 Kc5 48. Rxh7 Kb4 49. Kc2 Bd2 50. Rg7 1-0

[Event "DSOL 2021"]
[Site "Germany"]
[Date "2021.02.12"]
[Round "3.2"]
[White "Savchenko, Maxim"]
[Black "Martin, Andrew D"]
[Result "1-0"]
[WhiteElo "1620"]
[BlackElo "2357"]
[Annotator "TA"]
[PlyCount "21"]
[EventDate "2021.01.18"]
[EventType "team-tourn"]
[EventCountry "GER"]
[SourceTitle "playchess.com"]
[Source "ChessBase"]
[SourceQuality "1"]
[WhiteTeam "SF Gern VII"]
[BlackTeam "SK Bickenbach IV "]

1. e4 e5 2. Nf3 Nc6 3. Bc4 Bc5 4. c3 Nf6 5. d4 exd4 6. O-O Ng4 7. cxd4 Bxd4 8. Nxd4 Nxd4 9. Qxd4 d6 10. Qxg7 Ke7 11. Qxf7# 1-0

[Event "DSOL 2021"]
[Site "Germany"]
[Date "2021.02.12"]
[Round "3.2"]
[White "Valkova, Anzhelika"]
[Black "Ruiz-Hampel, Enrique"]
[Result "1-0"]
[WhiteElo "1620"]
[BlackElo "1984"]
[Annotator "TA"]
[PlyCount "155"]
[EventDate "2021.01.18"]
[EventType "team-tourn"]
[EventCountry "GER"]
[SourceTitle "playchess.com"]
[Source "ChessBase"]
[SourceQuality "1"]
[WhiteTeam "SF Deizisau II"]
[BlackTeam "Eckernförder SC I "]

1. d4 b6 2. c4 Bb7 3. Nc3 Nf6 4. Nf3 e6 5. Bg5 Bb4 6. Qc2 Bxc3+ 7. Qxc3 d6 8. g3 h6 9. Bxf6 Qxf6 10. Bg2 Nd7 11. O-O O-O 12. Rfd1 Rfd8 13. Qd3 a5 14. e4 e5 15. Nh4 exd4 16. Qxd4 Qxd4 17. Rxd4 Nc5 18. Nf5 Re8 19. f3 Ne6 20. Rd2 Ba6 21. b3 Bb7 22. a3 Nc5 23. Rb1 Kh7 24. Kf1 g6 25. Nd4 Re7 26. Nb5 Bc6 27. Nd4 Bb7 28. Kf2 Ne6 29. Nb5 Bc6 30. Nc3 Kg7 31. Nd5 Bxd5 32. cxd5 Nf8 33. Bh3 Ra7 34. Rc1 Nh7 35. Rd4 Nf6 36. Bf1 Kf8 37. Ra4 Rb7 38. Bb5 g5 39. Bc6 Rb8 40. Ke3 Nd7 41. b4 axb4 42. axb4 Ne5 43. Ra7 f5 44. Bb5 fxe4 45. fxe4 Ng4+ 46. Kd4 Nxh2 47. Rcxc7 Rxc7 48. Rxc7 Ra8 49. Rh7 Ra3 50. Be2 Nf3+ 51. Bxf3 Rxf3 52. Rxh6 Ke7 53. Rh7+ Kd8 54. e5 dxe5+ 55. Kxe5 Rxg3 56. Kd6 Kc8 57. Kc6 Kb8 58. Kxb6 Kc8 59. Rg7 g4 60. b5 Rd3 61. Kc6 Rc3+ 62. Kd6 Rb3 63. Kc5 Rc3+ 64. Kd4 Rb3 65. Kc4 Rg3 66. b6 Rg1 67. Kc5 Rc1+ 68. Kd6 Rb1 69. Rg8+ Kb7 70. Rxg4 Rxb6+ 71. Kd7 Rh6 72. Rb4+ Ka6 73. Re4 Kb7 74. Rb4+ Ka7 75. Kc7 Rh7+ 76. Kc6 Rh6+ 77. d6 Ka8 78. Kc7 1-0

[Event "DSOL 2021"]
[Site "Germany"]
[Date "2021.02.08"]
[Round "3.2"]
[White "Wendland, Guido"]
[Black "Kempe, Kay"]
[Result "0-1"]
[WhiteElo "1551"]
[BlackElo "1620"]
[Annotator "NA RC"]
[PlyCount "96"]
[EventDate "2021.01.18"]
[EventType "team-tourn"]
[EventCountry "GER"]
[SourceTitle "playchess.com"]
[Source "ChessBase"]
[SourceQuality "1"]

1. e4 c5 2. Nf3 Nc6 3. d4 cxd4 4. Nxd4 Nf6 5. Nc3 d6 6. Bc4 Qb6 7. Nxc6 bxc6 8. O-O g6 9. Bb3 Bg7 10. Be3 Qc7 11. f3 O-O 12. Qe2 a5 13. Rfd1 Rb8 14. a4 Bb7 15. Qf2 Nd7 16. Rd2 c5 17. Nb5 Qb6 18. c3 Bc6 19. c4 Ne5 20. h3 f5 21. f4 fxe4 22. Rf1 Nd3 23. Qe2 Qb7 24. Ba2 Qd7 25. Bb1 Qe6 26. Bxd3 exd3 27. Qxd3 Qe4 28. Qxe4 Bxe4 29. b3 Rb7 30. Ra2 d5 31. Bxc5 dxc4 32. bxc4 Bd3 33. Rf3 Bxc4 34. Rc2 Bxb5 35. axb5 Rc8 36. b6 Rxc5 37. Re2 Rb5 38. Ra3 Bd4+ 39. Kh2 Bxb6 40. Re6 Bc5 41. Ra4 Bd6 42. h4 Kf7 43. Re2 Rb4 44. Rxa5 Rxf4 45. g3 Rxh4+ 46. Kg2 Rhb4 47. Raa2 Rb3 48. g4 Rg3+ 0-1

[Event "DSOL 2021"]
[Site "Germany"]
[Date "2021.02.10"]
[Round "3.2"]
[White "Schachkatze"]
[Black "Kornitzky, Tino"]
[Result "0-1"]
[WhiteElo "1530"]
[BlackElo "1575"]
[Annotator "NA RC"]
[PlyCount "64"]
[EventDate "2021.01.18"]
[EventType "team-tourn"]
[EventCountry "GER"]
[SourceTitle "playchess.com"]
[Source "ChessBase"]
[SourceQuality "1"]

1. e4 e5 2. Nf3 Nc6 3. Bc4 Bc5 4. c3 Nf6 5. d3 d6 6. a4 a5 7. Nbd2 O-O 8. O-O h6 9. h3 Re8 10. Re1 Be6 11. Bb5 Nd7 12. Nf1 d5 13. Ng3 Bb6 14. Qe2 d4 15. Kh1 Na7 16. Nxe5 Nxe5 17. Bxe8 dxc3 18. d4 Bxd4 19. Rd1 Bb3 20. Rxd4 Qxd4 21. bxc3 Qd3 22. Bb5 Nxb5 23. axb5 Bc4 24. Qb2 Qd1+ 25. Kh2 Nd3 26. Qa3 Nxc1 27. Rxc1 Qd2 28. Kg1 b6 29. Nf5 Re8 30. f3 Rd8 31. Nd4 Qe3+ 32. Kh2 Rxd4 0-1

[Event "DSOL 2021"]
[Site "Germany"]
[Date "2021.02.12"]
[Round "3.2"]
[White "Sohoni, Arnav"]
[Black "Cullmann, Elias"]
[Result "1/2-1/2"]
[WhiteElo "1420"]
[BlackElo "1620"]
[Annotator "NA RC"]
[PlyCount "61"]
[EventDate "2021.01.18"]
[EventType "team-tourn"]
[EventCountry "GER"]
[SourceTitle "playchess.com"]
[Source "ChessBase"]
[SourceQuality "1"]
[WhiteTeam "SF Gern VI"]
[BlackTeam "SF Birkenfeld III "]

1. e4 d6 2. d4 Nf6 3. Nc3 g6 4. Bc4 Bg7 5. Nf3 O-O 6. Be3 Bg4 7. h3 Bxf3 8. Qxf3 Nc6 9. O-O-O e5 10. dxe5 Nxe5 11. Qe2 Nxc4 12. Qxc4 Qd7 13. e5 Ne8 14. f4 Qe6 15. Qxe6 fxe6 16. Rhe1 dxe5 17. fxe5 Bxe5 18. Bd2 Bd6 19. Rxe6 Ng7 20. Ree1 Rae8 21. Rxe8 Rxe8 22. Re1 Rxe1+ 23. Bxe1 Kf7 24. Nb5 a6 25. Nxd6+ cxd6 26. Kd2 Ke6 27. Kd3 Kd5 28. Bc3 Nf5 29. a4 Ng3 30. a5 h5 31. Ke3 1/2-1/2

[Event "DSOL 2021"]
[Site "Germany"]
[Date "2021.02.08"]
[Round "3.2"]
[White "moko"]
[Black "Wielebinski, Paul Martin"]
[Result "0-1"]
[WhiteElo "1344"]
[BlackElo "1771"]
[Annotator "NA RC"]
[PlyCount "72"]
[EventDate "2021.01.18"]
[EventType "team-tourn"]
[EventCountry "GER"]
[SourceTitle "playchess.com"]
[Source "ChessBase"]
[SourceQuality "1"]

1. e4 c5 2. Nc3 Nc6 3. d3 g6 4. Be3 d6 5. d4 cxd4 6. Bxd4 Nxd4 7. Qxd4 Nf6 8. e5 dxe5 9. Bb5+ Bd7 10. Qxe5 Bc6 11. Rd1 Qb6 12. Nf3 Bg7 13. Nd5 Nxd5 14. Qxg7 O-O-O 15. Bxc6 Qxc6 16. O-O Nf4 17. Qe5 Qc7 18. Rfe1 Qxe5 19. Nxe5 f6 20. Nc4 e5 21. a4 Kc7 22. Ne3 Kc6 23. b4 Rhe8 24. g3 Ne6 25. c3 Ng5 26. Kg2 e4 27. h4 Nf3 28. Re2 f5 29. h5 Rxd1 30. Nxd1 gxh5 31. Ne3 f4 32. Nc4 h4 33. Nd2 h3+ 34. Kh1 Nxd2 35. Rxd2 e3 36. fxe3 fxg3 0-1

[Event "DSOL 2021"]
[Site "Germany"]
[Date "2021.02.10"]
[Round "3.3"]
[White "Litwak, Aleksej"]
[Black "Fehling, Michael"]
[Result "1-0"]
[WhiteElo "2303"]
[BlackElo "1620"]
[Annotator "TA"]
[PlyCount "83"]
[EventDate "2021.01.18"]
[EventType "team-tourn"]
[EventCountry "GER"]
[SourceTitle "playchess.com"]
[Source "ChessBase"]
[SourceQuality "1"]

1. e4 c5 2. Nf3 d6 3. d4 cxd4 4. Nxd4 Nf6 5. Nc3 g6 6. Be3 Bg7 7. f3 O-O 8. Qd2 Nc6 9. O-O-O d5 10. Kb1 Nxd4 11. e5 Nf5 12. exf6 exf6 13. Bc5 d4 14. Bxf8 Qxf8 15. Nb5 Ne3 16. Re1 f5 17. f4 Qc5 18. c3 Nxf1 19. Re8+ Bf8 20. Qxd4 Qxd4 21. cxd4 Nd2+ 22. Ka1 Bd7 23. Rxa8 Bxb5 24. Rxa7 Bc6 25. d5 Bxd5 26. Rd1 Bb4 27. Ra8+ Kg7 28. Rd8 Bxg2 29. R1xd2 Bxd2 30. Rxd2 Bc6 31. b4 Kf6 32. h4 Ke6 33. Kb2 f6 34. Kc3 h6 35. Kd4 g5 36. Ke3 g4 37. Kf2 b5 38. Rd8 Ke7 39. Rh8 Kf7 40. Rh7+ Kg8 41. Rc7 Bd5 42. Rc5 1-0

[Event "DSOL 2021"]
[Site "Germany"]
[Date "2021.02.12"]
[Round "3.3"]
[White "Modler, Andreas"]
[Black "Riemann, Jonas"]
[Result "1-0"]
[WhiteElo "2216"]
[BlackElo "1950"]
[Annotator "TA"]
[PlyCount "107"]
[EventDate "2021.01.18"]
[EventType "team-tourn"]
[EventCountry "GER"]
[SourceTitle "playchess.com"]
[Source "ChessBase"]
[SourceQuality "1"]
[WhiteTeam "SF Berlin I"]
[BlackTeam "SK Bickenbach I "]

1. c4 Nf6 2. Nc3 g6 3. e4 d6 4. d4 Bg7 5. Nf3 O-O 6. h3 c5 7. Be3 cxd4 8. Nxd4 Nc6 9. Be2 Bd7 10. O-O Rc8 11. Qd2 Ne5 12. b3 Bc6 13. f4 Ned7 14. Bf3 Nc5 15. Nxc6 bxc6 16. e5 Nfd7 17. exd6 exd6 18. Bd4 Nf6 19. Rad1 Qc7 20. b4 Ne6 21. Be3 Rfd8 22. Rc1 Qb8 23. Ne4 Nxe4 24. Bxe4 d5 25. cxd5 cxd5 26. Rxc8 Qxc8 27. Bd3 d4 28. Bf2 Qc3 29. Be1 Nc7 30. Qe2 Qc6 31. f5 Nd5 32. fxg6 hxg6 33. Bc4 Qc7 34. Bd2 Qe5 35. Qf3 Rd7 36. Kh1 f5 37. Re1 Qd6 38. Re8+ Kf7 39. Rc8 Qe5 40. Rc5 Ke6 41. Qb3 Bf8 42. Ra5 Qe4 43. Ra6+ Bd6 44. Qg3 Ke7 45. Bg5+ Ke6 46. Bf4 Qb1+ 47. Kh2 Qxb4 48. Qxg6+ Ke7 49. Qg7+ Kd8 50. Rxd6 Rxd6 51. Qf8+ Kc7 52. Bxd5 d3 53. Qe7+ Kb6 54. Bxd6 1-0

[Event "DSOL 2021"]
[Site "Germany"]
[Date "2021.02.08"]
[Round "3.3"]
[White "Loewe, Lennard"]
[Black "Heinig, Wolfram"]
[Result "0-1"]
[WhiteElo "2207"]
[BlackElo "2232"]
[Annotator "TA"]
[PlyCount "182"]
[EventDate "2021.01.18"]
[EventType "team-tourn"]
[EventCountry "GER"]
[SourceTitle "playchess.com"]
[Source "ChessBase"]
[SourceQuality "1"]

1. e4 c6 2. d4 d5 3. Nc3 dxe4 4. Nxe4 Bf5 5. Ng3 Bg6 6. Nf3 Nd7 7. h4 h6 8. h5 Bh7 9. Bd3 Bxd3 10. Qxd3 e6 11. Bd2 Ngf6 12. O-O-O Be7 13. Qe2 O-O 14. Nf1 c5 15. g4 Qb6 16. g5 hxg5 17. h6 gxh6 18. Rxh6 Kg7 19. Bxg5 Rh8 20. Rxh8 Rxh8 21. Ng3 Kf8 22. Ne5 cxd4 23. Ne4 Qa5 24. Nxf6 Nxf6 25. Bxf6 Bxf6 26. Nd7+ Ke7 27. Nxf6 Qg5+ 28. Kb1 Qxf6 29. Qc4 Qf4 30. a4 Rd8 31. Qb4+ Kf6 32. Qxb7 d3 33. cxd3 Qxa4 34. Qf3+ Ke7 35. Rc1 Rd7 36. Qe3 Qd4 37. Qxd4 Rxd4 38. Rc7+ Rd7 39. Rxd7+ Kxd7 40. Kc2 Kc6 41. Kc3 Kd5 42. Kc2 Kd4 43. Kd2 e5 44. Ke2 Kc5 45. Kd2 Kb4 46. Kc2 f5 47. f3 a6 48. Kd2 Kb3 49. Kc1 a5 50. Kb1 a4 51. Kc1 f4 52. Kb1 a3 53. bxa3 Kc3 54. a4 Kxd3 55. a5 e4 56. a6 exf3 57. a7 f2 58. a8=Q f1=Q+ 59. Kb2 Qe2+ 60. Ka1 f3 61. Qa3+ Kd2 62. Qb4+ Ke3 63. Qc5+ Kf4 64. Qf8+ Kg3 65. Qg7+ Kf2 66. Qg4 Kf1 67. Qh3+ Qg2 68. Qh5 Kg1 69. Kb1 f2 70. Qc5 Qe4+ 71. Kc1 Qf4+ 72. Kb1 Qe4+ 73. Kc1 Qf4+ 74. Kb1 Kh2 75. Qh5+ Kg3 76. Qg6+ Qg4 77. Qd6+ Kg2 78. Qd5+ Kg1 79. Qc5 Qd1+ 80. Kb2 Qd2+ 81. Kb1 Qd3+ 82. Kb2 Qd2+ 83. Kb1 Kh1 84. Qh5+ Kg2 85. Qg4+ Kf1 86. Qh3+ Ke1 87. Qh4 Qd3+ 88. Kc1 Qe3+ 89. Kb2 Kd1 90. Qa4+ Ke1 91. Qb4+ Qd2+ 0-1

[Event "DSOL 2021"]
[Site "Germany"]
[Date "2021.02.09"]
[Round "3.3"]
[White "Kaufmann, Kai"]
[Black "Schupp, Uwe"]
[Result "1-0"]
[WhiteElo "2206"]
[BlackElo "2114"]
[Annotator "TA"]
[PlyCount "57"]
[EventDate "2021.01.18"]
[EventType "team-tourn"]
[EventCountry "GER"]
[SourceTitle "playchess.com"]
[Source "ChessBase"]
[SourceQuality "1"]

1. e4 d6 2. d4 Nf6 3. Nc3 c6 4. f4 Qa5 5. Bd3 e5 6. Nf3 exd4 7. Nxd4 Qb6 8. Be2 Be7 9. O-O O-O 10. Kh1 Re8 11. e5 Nfd7 12. Nf5 dxe5 13. Bc4 Nf8 14. Nxe7+ Rxe7 15. f5 Qd4 16. Qe2 b5 17. Bb3 b4 18. Ne4 Ba6 19. Qg4 Bxf1 20. Bh6 Bxg2+ 21. Qxg2 g6 22. Nf6+ Kh8 23. Bxf8 Rc7 24. Qh3 h5 25. fxg6 fxg6 26. Qe6 Rg7 27. Bxg7+ Kxg7 28. Qe7+ Kh6 29. Ng8# 1-0

[Event "DSOL 2021"]
[Site "Germany"]
[Date "2021.02.09"]
[Round "3.3"]
[White "Dzierzenga, Stefan"]
[Black "Richter, Jan"]
[Result "1/2-1/2"]
[WhiteElo "2200"]
[BlackElo "2048"]
[Annotator "TA"]
[PlyCount "70"]
[EventDate "2021.01.18"]
[EventType "team-tourn"]
[EventCountry "GER"]
[SourceTitle "playchess.com"]
[Source "ChessBase"]
[SourceQuality "1"]

1. e4 d5 2. exd5 Nf6 3. Bb5+ Nbd7 4. Nf3 a6 5. Be2 Nxd5 6. d4 g6 7. O-O Bg7 8. c4 N5f6 9. Nc3 O-O 10. Re1 b6 11. Bd3 Bb7 12. h3 e6 13. Bc2 c5 14. Be3 Qc7 15. dxc5 Nxc5 16. Qe2 Rac8 17. Rad1 Rfd8 18. Rxd8+ Rxd8 19. Rd1 Rxd1+ 20. Qxd1 Nfe4 21. Nxe4 Nxe4 22. Bxe4 Bxe4 23. Qb3 Bxf3 24. gxf3 h5 25. Bxb6 Qf4 26. Be3 Qxf3 27. Qb8+ Kh7 28. Qf4 Qxh3 29. c5 e5 30. Qc4 f5 31. Qf1 Qg4+ 32. Qg2 Qd1+ 33. Qf1 Qg4+ 34. Qg2 Qd1+ 35. Qf1 Qg4+ 1/2-1/2

[Event "DSOL 2021"]
[Site "Germany"]
[Date "2021.02.09"]
[Round "3.3"]
[White "Sonnenschein, Philipp"]
[Black "Heimann, Andreas"]
[Result "1-0"]
[WhiteElo "2149"]
[BlackElo "2606"]
[Annotator "TA"]
[PlyCount "31"]
[EventDate "2021.01.18"]
[EventType "team-tourn"]
[EventCountry "GER"]
[SourceTitle "playchess.com"]
[Source "ChessBase"]
[SourceQuality "1"]

1. e4 c5 2. Nf3 e6 3. d4 cxd4 4. Nxd4 Nc6 5. Nc3 d6 6. g4 Nge7 7. Be3 a6 8. Bg2 Ng6 9. g5 Nh4 10. Qg4 e5 11. Nf5 Nxg2+ 12. Qxg2 g6 13. Nd5 gxf5 14. Bb6 f4 15. Bxd8 Kxd8 16. g6 1-0

[Event "DSOL 2021"]
[Site "Germany"]
[Date "2021.02.10"]
[Round "3.3"]
[White "Weihrauch, Jakob"]
[Black "Braun, Christian"]
[Result "1-0"]
[WhiteElo "2146"]
[BlackElo "2409"]
[Annotator "TA"]
[PlyCount "99"]
[EventDate "2021.01.18"]
[EventType "team-tourn"]
[EventCountry "GER"]
[SourceTitle "playchess.com"]
[Source "ChessBase"]
[SourceQuality "1"]

1. e4 c5 2. Nf3 e6 3. d4 cxd4 4. Nxd4 Nc6 5. Nc3 Qc7 6. Be3 a6 7. f4 Nxd4 8. Qxd4 Ne7 9. Qb6 Qxb6 10. Bxb6 Nc6 11. O-O-O Bb4 12. e5 Bxc3 13. bxc3 O-O 14. Bd3 f6 15. Rhe1 a5 16. a4 Re8 17. Re3 Rf8 18. Rh3 g6 19. Re1 Rf7 20. Rg3 Ne7 21. c4 Ra6 22. c5 Ra8 23. Be4 f5 24. Bf3 Nc6 25. Be2 Nd4 26. Bc4 Nc6 27. h4 Rg7 28. Rh1 h5 29. Kb2 Kh7 30. Kc3 Kh6 31. Rg5 Kh7 32. Rh3 Kh6 33. Rhg3 Rg8 34. Kb2 Ne7 35. Bb3 Nc6 36. c3 Ne7 37. Kc1 Kh7 38. Kd2 Kh6 39. c4 Kh7 40. Bd1 Kh6 41. Bxh5 gxh5 42. Rxg8 Nxg8 43. Rxg8 Kh7 44. Rg5 Kh6 45. Kc3 Ra6 46. Kb3 Ra8 47. Rg8 Kh7 48. Rd8 Kg6 49. Bxa5 Rxa5 50. Rxc8 1-0

[Event "DSOL 2021"]
[Site "Germany"]
[Date "2021.02.11"]
[Round "3.3"]
[White "Schoeneberg, Manfred"]
[Black "Heerde, Thomas"]
[Result "1-0"]
[WhiteElo "2133"]
[BlackElo "2055"]
[Annotator "TA"]
[PlyCount "73"]
[EventDate "2021.01.18"]
[EventType "team-tourn"]
[EventCountry "GER"]
[SourceTitle "playchess.com"]
[Source "ChessBase"]
[SourceQuality "1"]

1. e4 c5 2. Nf3 g6 3. Nc3 Bg7 4. d4 cxd4 5. Nxd4 Nc6 6. Nxc6 bxc6 7. Bc4 e6 8. O-O Ne7 9. Bg5 d5 10. exd5 cxd5 11. Bb5+ Bd7 12. Bxd7+ Qxd7 13. Re1 Rd8 14. Qd2 O-O 15. Rad1 f6 16. Bh6 e5 17. Bxg7 Kxg7 18. h3 Qb7 19. b3 Rc8 20. Nxd5 Nxd5 21. Qxd5 Qxd5 22. Rxd5 Rxc2 23. Ra5 Rf7 24. b4 Rd7 25. a4 h5 26. b5 Kh6 27. Ra6 Kg5 28. h4+ Kf5 29. a5 Ra2 30. Rc1 Rd5 31. Rcc6 Rxb5 32. Rxf6+ Ke4 33. Rxa7 Kd3 34. a6 Rbb2 35. Rb7 Rc2 36. a7 e4 37. Rf8 1-0

[Event "DSOL 2021"]
[Site "Germany"]
[Date "2021.02.11"]
[Round "3.3"]
[White "Henrich, David"]
[Black "Sauer, Marko"]
[Result "1-0"]
[WhiteElo "2131"]
[BlackElo "2065"]
[Annotator "RC"]
[PlyCount "85"]
[EventDate "2021.01.18"]
[EventType "team-tourn"]
[EventCountry "GER"]
[SourceTitle "playchess.com"]
[Source "ChessBase"]
[SourceQuality "1"]

1. c4 e5 2. Nc3 Nc6 3. g3 d6 4. Bg2 Be6 5. d3 Nf6 6. e4 h6 7. Nge2 g5 8. Nd5 Bg7 9. h4 g4 10. Be3 Nd7 11. Qb3 Rb8 12. Qc3 O-O 13. Qd2 Kh7 14. a4 a5 15. O-O b6 16. f4 gxf3 17. Rxf3 Bg4 18. Rf2 Nc5 19. Raf1 f6 20. Nec3 Nb3 21. Qc2 Nbd4 22. Qb1 Kh8 23. Bc1 Be6 24. Ne3 Ne7 25. Nf5 Bxf5 26. exf5 Rg8 27. g4 Bf8 28. g5 fxg5 29. hxg5 hxg5 30. Be4 Nec6 31. Rh2+ Kg7 32. f6+ Kf7 33. Rh7+ Bg7 34. fxg7+ Ke6 35. Bd5+ Kd7 36. Bxg8 Qxg8 37. Nd5 Ne2+ 38. Kg2 Qxh7 39. Nf6+ Ke6 40. Nxh7 Rg8 41. d4 Ne7 42. Nf8+ Rxf8 43. gxf8=N# 1-0